Flight Instrumentation For Missiles: (Record no. 202936)

MARC details
000 -LEADER
fixed length control field 00609nam a22001937a 4500
005 - DATE AND TIME OF LATEST TRANSACTION
control field 20240517123405.0
010 ## - LCCN (DPL NO)
LC control number ENG-140362
020 ## - INTERNATIONAL STANDARD BOOK NUMBER
International Standard Book Number 9789353619862
Terms of availability 150.00
035 ## - SYSTEM CONTROL NUMBER
System control number EN-123894
037 ## - SOURCE OF ACQUISITION
Source of stock number/acquisition DBAD
082 ## - DEWEY DECIMAL CLASSIFICATION NUMBER
Classification number 358.418
100 ## - MAIN ENTRY--PERSONAL NAME
Personal name Dash, Saktipada
245 ## - TITLE STATEMENT
Title Flight Instrumentation For Missiles:
Remainder of title Simplified/
Statement of responsibility, etc by Saktipada Das
260 ## - PUBLICATION, DISTRIBUTION, ETC. (IMPRINT)
Place of publication, distribution, etc Hyderabad
Name of publisher, distributor, etc Kala Jyothi Process Pvt Ltd
Date of publication, distribution, etc 2019
270 ## - ADDRESS
Address 1-1-60/5 RTC 'X' Roads, Musheerabad
City Hyderabad
Postal code 500020
300 ## - PHYSICAL DESCRIPTION
Extent 127p.
Dimensions 21cm.(pb)
700 ## - ADDED ENTRY--PERSONAL NAME
Personal name Dash, Saktipada
9 (RLIN) 66297
942 ## - ADDED ENTRY ELEMENTS (KOHA)
Source of classification or shelving scheme Dewey Decimal Classification
Item type English Books
Classification part 358.418
Call number suffix DAS
Holdings
Withdrawn status Lost status Not for loan Collection code Home library Current library Date acquired Source of acquisition Cost, normal purchase price Full call number Barcode Cost, replacement price Koha item type
      Non-fiction Central Library Central Library 17/05/2024 DBAD 150.00 358.418 DAS EN-123894 150.00 English Books

© Delhi Public Library
Hit Counter
free hit counter